Fr. Conceicao Rodrigues College of Engineering

Readings in Personal Administration (Record no. 33521)

MARC details
000 -LEADER
fixed length control field 00337nam a2200145Ia 4500
082 ## - DEWEY DECIMAL CLASSIFICATION NUMBER
Classification number 658.31
Item number PIG
100 ## - MAIN ENTRY--PERSONAL NAME
Personal name Pigors/Paul & Others
245 ## - TITLE STATEMENT
Title Readings in Personal Administration
260 ## - PUBLICATION, DISTRIBUTION, ETC.
Name of publisher, distributor, etc. McGraw Hill
Place of publication, distribution, etc. Newyork
Date of publication, distribution, etc. 1959
300 ## - PHYSICAL DESCRIPTION
Extent 554
546 ## - LANGUAGE NOTE
Language note ENGLISH
654 ## - SUBJECT ADDED ENTRY--FACETED TOPICAL TERMS
Focus term Personal Administration
942 ## - ADDED ENTRY ELEMENTS (KOHA)
Koha item type BOOK
Holdings
Withdrawn status Lost status Damaged status Not for loan Collection Home library Current library Date acquired Total Checkouts Full call number Barcode Date last seen Price effective from Koha item type
        AFT Fr. Agnel's C.Rodrigues College of Engineering Fr. Agnel's C.Rodrigues College of Engineering 17/03/2023   658.31 PIG AFT1727 17/03/2023 17/03/2023 BOOK